|
|
|
|
| LEADER |
00000nas a2200000 a 4500 |
| 001 |
ssj0000492363 |
| 003 |
WaSeSS |
| 005 |
20200512172242.0 |
| 006 |
m d |
| 007 |
cr n |
| 008 |
100505c20099999ir uu p s | 0eng c |
| 010 |
|
|
|a 2010261029
|
| 035 |
|
|
|a (WaSeSS)ssj0000492363
|
| 040 |
|
|
|a HNK
|b eng
|c HNK
|d HNK
|d OCLCQ
|d OCLCF
|d OCLCO
|d OCLCQ
|d CUS
|d NTG
|d WaSeSS
|
| 042 |
|
|
|a pcc
|
| 050 |
1 |
4 |
|a TA1
|b .S42
|
| 245 |
0 |
0 |
|a Scientia Iranica.
|n Transaction A,
|p Civil engineering
|h [electronic resource].
|
| 246 |
1 |
3 |
|a Transaction A, Civil engineering
|
| 260 |
|
|
|a Tehran, Iran :
|b Sharif University of Technology
|
| 362 |
1 |
|
|a Began with: Vol. 16, no. 1 (Jan./Feb. 2009).
|
| 506 |
|
|
|a License restrictions may limit access.
|
| 588 |
|
|
|a Description based on: Vol. 17, no. 1 (Jan./Feb. 2010); title from title screen (ProQuest, viewed May 6, 2010).
|
| 588 |
|
|
|a Latest issue consulted: Vol. 1, no. 1 (Jan./Feb. 2010) (viewed May 6, 2010).
|
| 650 |
|
0 |
|a Civil engineering
|v Periodicals.
|
| 650 |
|
0 |
|a Science
|v Periodicals.
|
| 650 |
|
0 |
|a Technology
|v Periodicals.
|
| 650 |
|
7 |
|a Civil engineering.
|2 fast
|0 (OCoLC)fst00862488
|
| 650 |
|
7 |
|a Science.
|2 fast
|0 (OCoLC)fst01108176
|
| 650 |
|
7 |
|a Technology.
|2 fast
|0 (OCoLC)fst01145078
|
| 655 |
|
0 |
|a Electronic journals.
|
| 776 |
0 |
8 |
|i Print version:
|t Scientia Iranica. Transaction A, Civil engineering
|w (DLC) 2009252149
|w (OCoLC)315080374
|
| 780 |
0 |
1 |
|t Scientia iranica
|w (OCoLC)595682259
|
| 856 |
4 |
0 |
|z Full text available from Research Library: 01/01/2010 to present
|u https://search.proquest.com/publication/54700
|